| 000 | 01475nam2a2200277 4500 | ||
|---|---|---|---|
| 001 | v19\rc\1987397 | ||
| 005 | 20260405124702.0 | ||
| 035 | _a(NLR Aleph) 005083663 | ||
| 090 |
_a7223314 _c7223314 |
||
| 100 | _a20080811d1927 |||y0rusy50 ca | ||
| 101 | 0 | _arus | |
| 102 | _aRU | ||
| 105 | _ay z ||||| | ||
| 200 | 1 |
_aЛаврентьевская летопись _hвып. 2 _iСуздальская летопись по Лаврентьевскому списку _f[ред. Е. Ф. Карский] |
|
| 210 |
_d1927 _aБ. м. |
||
| 215 | _aСтб. 289-488 | ||
| 461 | 0 |
_1001v19\rc\1987395 _12001#$aПолное собрание русских летописей, издаваемое Постоянной историко-археографической комиссией Академии наук СССР$vТ. 1 _95999466 _cЛенинград _d1908-1929 _e2-е изд. _tПолное собрание русских летописей, издаваемое Постоянной историко-археографической комиссией Академии наук СССР _vТ. 1 |
|
| 702 | 1 |
_4340 _8rus _7ca _aКарский _bЕ. Ф. _f1860-1931 _gЕвфимий Федорович _3RU\NLR\AUTH\7750107 _933042 |
|
| 801 | 0 |
_aRU _bNLR _gpsbo |
|
| 801 | 1 |
_aRU _bProSoft-M _2rusmarc |
|
| 852 |
_aNLR _j18.31.2.4(1-2) |
||
| 852 |
_aNLR _j116/147(1-2) |
||
| 852 |
_aNLR _bМф _jК1/9653(т. 1, вып. 2) |
||
| 942 | _cBOOK | ||
| 980 | _aNB | ||